Banner

Compendio de derecho de las obligaciones / (Record no. 1540)

MARC details
000 -LEADER
campo de control de longitud fija 01609cam a22002894a 4500
001 - NÚMERO DE CONTROL
campo de control 15740902
003 - IDENTIFICADOR DE NÚMERO DE CONTROL
campo de control CoMeUDC
005 - FECHA Y HORA DE LA ÚLTIMA TRANSACCIÓN
campo de control 20220511143714.0
008 - DATOS DE LONGITUD FIJA--INFORMACIÓN GENERAL
campo de control de longitud fija 090416s2008 pe b 000 0 spa
010 ## - NÚMERO DE CONTROL DE LA BIBLIOTECA DEL CONGRESO
Número de control de LC 2009470163
020 ## - NÚMERO INTERNACIONAL ESTÁNDAR DEL LIBRO
Número Internacional Estándar del Libro 9789972224911
040 ## - FUENTE DE CATALOGACIÓN
Centro catalogador/agencia de origen DLC
Centro/agencia transcriptor CO-UdeC
082 ## - NÚMERO DE LA CLASIFICACIÓN DECIMAL DEWEY
Número de clasificación 346.5
Número de ítem O85
100 1# - ENTRADA PRINCIPAL--NOMBRE DE PERSONA
Nombre de persona Osterling Parodi, Felipe.
245 10 - MENCIÓN DEL TÍTULO
Título Compendio de derecho de las obligaciones /
Mención de responsabilidad, etc. Felipe Osterling Parodi, Mario Castillo Freyre ; con la colaboración de, Verónica Rosas Berastain.
260 ## - PUBLICACIÓN, DISTRIBUCIÓN, ETC.
Lugar de publicación, distribución, etc. Lima :
Nombre del editor, distribuidor, etc. Palestra editores,
Fecha de publicación, distribución, etc. 2008.
300 ## - DESCRIPCIÓN FÍSICA
Extensión 1002 p. ;
Dimensiones 24 cm.
504 ## - NOTA DE BIBLIOGRAFÍA, ETC.
Nota de bibliografía, etc. Nota Incluye referencias bibliográficas
505 ## - NOTA DE CONTENIDO CON FORMATO
Nota de contenido con formato Teoría general de las obligaciones -- Obligaciones de dar -- Obligaciones de hacer -- Obligaciones de no hacer -- Obligaciones alternativas y facultativas -- Obligaciones con pluralidad de sujetos -- Obligaciones divisibles e indivisibles -- Obligaciones mancomunadas y solidarias -- Reconocimiento de las obligaciones -- Cesión de derechos -- Disposiciones generales -- Pago -- Pago de intereses -- Pago por consignación -- Imputación del pago -- Pago con subrogación -- Dación en pago -- Pago indebido -- Novación -- Compensación -- Condonación -- Consolidación -- Transacción -- Mutuo disenso -- Inejecución de obligaciones -- Mora -- Obligaciones con cláusula penal
546 ## - NOTA DE IDIOMA
Nota de lengua/lenguaje Español
650 #0 - PUNTO DE ACCESO ADICIONAL DE MATERIA--TÉRMINO DE MATERIA
Término de materia o nombre geográfico como elemento de entrada Obligaciones.
Subdivisión geográfica Perú.
9 (RLIN) 1030
650 #0 - PUNTO DE ACCESO ADICIONAL DE MATERIA--TÉRMINO DE MATERIA
Término de materia o nombre geográfico como elemento de entrada Derecho civil.
Subdivisión geográfica Perú.
9 (RLIN) 1166
650 #0 - PUNTO DE ACCESO ADICIONAL DE MATERIA--TÉRMINO DE MATERIA
Término de materia o nombre geográfico como elemento de entrada Derecho y sociedad
9 (RLIN) 2073
700 1# - ENTRADA AGREGADA--NOMBRE PERSONAL
Nombre de persona Castillo Freyre, Mario,
Fechas asociadas al nombre 1964-
700 1# - ENTRADA AGREGADA--NOMBRE PERSONAL
Nombre de persona Rosas Berastain, Verónica,
Fechas asociadas al nombre 1981-
942 ## - ELEMENTOS DE ENTRADA SECUNDARIOS (KOHA)
Fuente del sistema de clasificación o colocación Clasificación Decimal Dewey
Tipo de ítem Koha Libros
Holdings
Estatus retirado Estado de pérdida Fuente del sistema de clasificación o colocación Estado de daño No para préstamo Colección Biblioteca de origen Biblioteca actual Fecha de adquisición Fuente de adquisición Signatura topográfica completa Código de barras Visto por última vez Copia número Precio de reemplazo Tipo de ítem Koha
    Clasificación Decimal Dewey     Colección general U DE COLOMBIA - Biblioteca U DE COLOMBIA - Biblioteca 11/05/2022 Donación 346.5 O85 100367 11/05/2022 1 11/05/2022 Libros


Biblioteca Académica Corporación Universitaria U DE COLOMBIA | Teléfono: +(57) (4) 2398080 ext. 1112 | E-mail: biblioteca@udecolombia.edu.co | Dirección: Calle 56 Nº 41 – 147 (Bolivia con Girardot)
Horario de atención: lunes a viernes 8:00 a.m. a 8:00 p.m. - sábados 8:00 a.m. a 4:00 p.m.
Implementado por Grupo EGS.

Powered by Koha